000 00307nam a22001457a 4500
008 210511b ||||| |||| 00| 0 eng d
020 _a639785310372
041 _aeng
080 _a338
082 _a338
100 _a53
101 _aMEN
245 _aManaging Teams
_cLawrence Holpp
942 _2udc
_cBK
999 _c57239
_d57239